000 00689nam a2200217Ia 4500
003 GCL
008 140319s9999 xx 000 0 ara d
020 _a4190817977
040 _aGCL /
_cGCL
082 0 4 _aق
_b916.2
_bع م
100 1 _aعمرو حسين
245 1 0 _aمصر الاصالة والتاريخ :
_bدليل سياحى /
_cعمرو حسين
250 _aالاولى
260 _aالقاهرة :
_bالشركة الدولية للطباعة ،
_c2005
300 _a112 ص ؛
_c26 سم
650 0 4 _aالاثار الفرعونية
650 0 4 _aمصر - تاريخ
650 0 4 _aمصر - وصف ورحلات
650 0 4 _aمصر - الاثار
942 _2ddc
_cBK
999 _c9265
_d9265